[Event "GER-chT U12 Girls"]
[Site "Magdeburg"]
[Date "2023.12.30"]
[Round "7.5"]
[White "Grey, Paula"]
[Black "Rempel, Katharina"]
[Result "1-0"]
[WhiteElo "1008"]
[BlackElo "867"]
[PlyCount "93"]
[EventDate "2023.12.26"]
[EventType "team-swiss"]
[EventRounds "7"]
[EventCountry "GER"]
[SourceTitle "CB03_2024"]
[SourceDate "2024.01.17"]
[SourceVersion "1"]
[SourceVersionDate "2024.01.17"]
[SourceQuality "1"]
[WhiteTeam "Bayern Muenchen"]
[BlackTeam "Erfurt Empor"]
[WhiteTeamCountry "GER"]
[BlackTeamCountry "GER"]

1. e4 e5 2. Nf3 Nc6 3. Bc4 Bc5 4. Nc3 d6 5. h3 Nf6 6. d3 Be6 7. Bxe6 fxe6 8. Be3 Bb4 9. Bd2 Bxc3 10. Bxc3 Qd7 11. Qd2 0-0-0 12. 0-0-0 Rhf8 13. Kb1 h6 14. Qe2 Qf7 15. Rhf1 Nh5 16. Nh2 Nf4 17. Qf3 Nd4 18. Bxd4 exd4 19. g3 Nxh3 20. Qxf7 Rxf7 21. f4 d5 22. e5 g5 23. fxg5 Rf2 24. Rxf2 Nxf2 25. Rf1 Nh3 26. gxh6 Ng5 27. Rh1 Rh8 28. Ng4 Nf7 29. h7 Ng5 30. Nf6 c6 31. c3 dxc3 32. bxc3 c5 33. d4 c4 34. Rh5 Rf8 35. h8Q Rxh8 36. Rxh8+ Kc7 37. Rg8 Nf7 38. Rg7 Kd8 39. g4 Nd6 40. Rxb7 Kc8 41. Rh7 a6 42. g5 Ne8 43. g6 a5 44. g7 a4 45. g8R a3 46. Rf8 Kb8 47. Rxe8# 1-0

[Event "GER-chT U12 Girls"]
[Site "Magdeburg"]
[Date "2023.12.29"]
[Round "5.4"]
[White "Grey, Paula"]
[Black "Oezdemir, Anna Valentina"]
[Result "1-0"]
[WhiteElo "1008"]
[BlackElo "693"]
[PlyCount "63"]
[EventDate "2023.12.26"]
[EventType "team-swiss"]
[EventRounds "7"]
[EventCountry "GER"]
[SourceTitle "CB03_2024"]
[SourceDate "2024.01.17"]
[SourceVersion "1"]
[SourceVersionDate "2024.01.17"]
[SourceQuality "1"]
[WhiteTeam "Bayern Muenchen"]
[BlackTeam "Duesseldorf SK"]
[WhiteTeamCountry "GER"]
[BlackTeamCountry "GER"]

1. e4 e5 2. Nf3 Nc6 3. Bc4 Be7 4. Nc3 d6 5. h3 Nf6 6. d3 0-0 7. 0-0 Na5 8. Bb3 Nxb3 9. axb3 Be6 10. Ng5 Bc8 11. Nf3 d5 12. exd5 Nxd5 13. Nxe5 Nxc3 14. bxc3 Qd6 15. Bf4 Bf6 16. Ng6 Be5 17. Nxe5 Qf6 18. Bg3 Qg5 19. Qe2 h5 20. h4 Qe7 21. Rfe1 Qc5 22. c4 b5 23. cxb5 Qxb5 24. d4 Qd5 25. Qe4 Qb5 26. Qxa8 Bb7 27. Qxa7 Qd5 28. Nf3 Kh7 29. Qc5 Qd8 30. Qxh5+ Kg8 31. Ng5 f6 32. Qh7# 1-0

[Event "GER-chT U12 Girls"]
[Site "Berlin"]
[Date "2022.12.27"]
[Round "3"]
[White "Grey, Paula"]
[Black "Achilles, Rosa"]
[Result "0-1"]
[WhiteElo "821"]
[BlackElo "996"]
[PlyCount "64"]
[EventDate "2022.12.26"]
[EventType "team-swiss"]
[EventRounds "7"]
[EventCountry "GER"]
[SourceTitle "CBM 212 Extra"]
[Source "ChessBase"]
[SourceDate "2023.03.31"]
[SourceVersion "1"]
[SourceVersionDate "2023.03.31"]
[SourceQuality "1"]
[WhiteTeam "Bayern Muenchen"]
[BlackTeam "Paderborn Akademie"]
[WhiteTeamCountry "GER"]
[BlackTeamCountry "GER"]

1. e4 e6 2. d4 d5 3. exd5 Qxd5 4. Nf3 c5 5. c3 Nc6 6. Be3 g6 7. Bb5 Bd7 8. 0-0 cxd4 9. cxd4 Qxb5 10. Qc2 Nf6 11. Nc3 Qa6 12. Rfe1 Be7 13. Ne5 Nb4 14. Qb3 Bb5 15. Nxb5 Qxb5 16. Bd2 0-0 17. a3 Qd5 18. Qc3 Rfc8 19. Qh3 Nc2 20. Rab1 Nxe1 21. Rxe1 Qxd4 22. Bc3 Qd5 23. b4 Qb3 24. Ra1 Rxc3 25. g3 Rac8 26. Qh4 Qd5 27. Qf4 Bd6 28. h3 Bxe5 29. Qg5 h6 30. Qe3 Rxe3 31. fxe3 Rc2 32. Rf1 Qg2# 0-1

[Event "GER-chT U12 Girls"]
[Site "Willingen"]
[Date "2022.08.16"]
[Round "7.4"]
[White "Blome, Antonia"]
[Black "Grey, Paula"]
[Result "1-0"]
[WhiteElo "823"]
[BlackElo "854"]
[PlyCount "95"]
[EventDate "2022.08.13"]
[EventType "team-swiss"]
[EventRounds "7"]
[EventCountry "GER"]
[SourceTitle "EXT 2023"]
[Source "ChessBase"]
[SourceDate "2022.10.05"]
[SourceVersion "1"]
[SourceVersionDate "2022.10.05"]
[SourceQuality "1"]
[WhiteTeam "Hamburger SK"]
[BlackTeam "Bayern Muenchen"]
[WhiteTeamCountry "GER"]
[BlackTeamCountry "GER"]

1. d4 d5 2. Bf4 Bf5 3. Nf3 Nc6 4. e3 Nf6 5. h3 Nb4 6. Bd3 Nxd3+ 7. cxd3 e6 8. a3 Bd6 9. Ne5 Qe7 10. 0-0 0-0-0 11. Nc3 Rhg8 12. Re1 Rde8 13. e4 dxe4 14. Nxe4 Nd5 15. Bg3 f6 16. Nf3 Bxg3 17. fxg3 e5 18. Qb3 Qe6 19. Nc5 Qf7 20. Qxb7+ Kd8 21. dxe5 Ke7 22. e6 Bxe6 23. Nxe6 Qxe6 24. Rxe6+ Kxe6 25. Qc6+ Ke7 26. Qxd5 Kf8 27. Rc1 Rc8 28. Rxc7 Rxc7 29. Qd8+ Kf7 30. Qxc7+ Kg6 31. d4 Re8 32. d5 Ra8 33. d6 a5 34. d7 a4 35. d8Q Rxd8 36. Qxd8 Kh6 37. Qa5 g5 38. Qxa4 f5 39. Qc6+ Kg7 40. Kf2 g4 41. hxg4 fxg4 42. Nh4 Kh8 43. Qb7 Kg8 44. Ke3 Kf8 45. Ke4 Ke8 46. Ke5 h6 47. Ke6 Kf8 48. Qf7# 1-0